Cricketers in ODI World Cup Final Match - Statistics

General Stats
  • This quiz has been taken 239 times
  • The average score is 102 of 221
Answer Stats
Answer % Correct
Virat Kohli
97%
Rohit Sharma
95%
David Warner
92%
Shubman Gill
92%
Steve Smith
92%
Jasprit Bumrah
90%
Mitchell Marsh
90%
Mitchell Starc
90%
Pat Cummins
90%
Shane Warne
90%
Geoff Marsh
87%
Kane Williamson
87%
Ravindra Jadeja
87%
Rod Marsh
87%
Yuvraj Singh
87%
Harbhajan Singh
86%
Sachin Tendulkar
86%
Adam Zampa
85%
Kuldeep Yadav
85%
Mohammed Shami
85%
KL Rahul
84%
Martin Guptill
84%
Travis Head
84%
Zaheer Khan
84%
Ben Stokes
83%
Glenn Maxwell
83%
MS Dhoni
83%
Yashpal Sharma
83%
Josh Hazlewood
82%
Ricky Ponting
82%
Joe Root
81%
Mohammed Siraj
81%
Suryakumar Yadav
81%
Trent Boult
80%
Jos Buttler
79%
Kumar Sangakkara
79%
Shreyas Iyer
79%
Imran Khan
78%
Jofra Archer
78%
Virender Sehwag
78%
Michael Clarke
76%
Eoin Morgan
75%
Jason Roy
75%
Marnus Labuschagne
75%
Moin Khan
75%
Gautam Gambhir
74%
Jonny Bairstow
74%
Tim Southee
74%
Kapil Dev
73%
Mark Wood
73%
Rahul Dravid
73%
Aaron Finch
72%
Adam Gilchrist
72%
Mitchell Johnson
72%
Muttiah Muralitharan
72%
Glenn McGrath
71%
Adil Rashid
70%
Munaf Patel
70%
Ross Taylor
70%
Bob Taylor
69%
Brendon McCullum
69%
Josh Inglis
69%
Mark Taylor
69%
Viv Richards
69%
Mahela Jayawardene
68%
Matthew Hayden
68%
Sourav Ganguly
67%
Wasim Akram
67%
Tom Latham
65%
Brett Lee
64%
Chris Woakes
64%
Lasith Malinga
64%
Suresh Raina
64%
Matt Henry
62%
Sunil Gavaskar
62%
Mitchell Santner
61%
Shane Watson
61%
Tillakaratne Dilshan
61%
Clive Lloyd
60%
Mark Waugh
60%
Steve Waugh
60%
Sanath Jayasuriya
59%
Shanthakumaran Sreesanth
56%
Lockie Ferguson
54%
James Neesham
53%
Liam Plunkett
53%
Malcolm Marshall
53%
Chaminda Vaas
51%
Andrew Symonds
50%
Ashish Nehra
50%
Brad Haddin
50%
Colin de Grandhomme
50%
Daniel Vettori
50%
Mohinder Amarnath
50%
Mike Hussey
49%
Roger Binny
49%
Shoaib Akhtar
48%
Ian Botham
47%
Syed Kirmani
47%
Aravinda de Silva
46%
Arjuna Ranatunga
46%
Corey Anderson
45%
James Faulkner
45%
Javagal Srinath
45%
Krishnamachari Srikkanth
45%
Mohammad Kaif
45%
Upul Tharanga
45%
Allan Border
44%
Andy Roberts
44%
Damien Martyn
44%
Henry Nicholls
44%
Javed Miandad
44%
Michael Holding
44%
Gordon Greenidge
43%
Joel Garner
43%
Thisara Perera
43%
Brad Hogg
42%
Desmond Haynes
42%
Graham Gooch
42%
Saeed Anwar
42%
Grant Elliott
41%
Luke Ronchi
41%
Michael Bevan
41%
Dennis Lillee
40%
Madan Lal
40%
Sandeep Patil
40%
David Boon
39%
Dinesh Mongia
38%
Nuwan Kulasekara
38%
Balwinder Sandhu
37%
Greg Chappell
37%
Ian Chappell
37%
Shahid Afridi
36%
Darren Lehmann
35%
Saleem Malik
35%
Damien Fleming
34%
Jeff Dujon
34%
Saqlain Mushtaq
33%
Shaun Tait
33%
Dean Jones
32%
Nathan Bracken
32%
Ijaz Ahmed
31%
Ian Healy
30%
Inzamam Haq
30%
Mushtaq Ahmed
30%
Alec Stewart
28%
Craig McDermott
28%
Jeff Thomson
28%
Aamer Sohail
27%
Dilhara Fernando
27%
Geoffrey Boycott
27%
Abdul Razzaq
25%
Ramiz Raja
25%
Thilan Samaraweera
25%
Allan Lamb
24%
Alvin Kallicharran
24%
David Gower
24%
Larry Gomes
24%
Romesh Kaluwitharana
24%
Andy Bichel
23%
Aaqib Javed
22%
Rohan Kanhai
22%
Russel Arnold
22%
Tom Moody
22%
Hashan Tillakaratne
21%
Kirti Azad
21%
Kumar Dharmasena
21%
Mike Gatting
21%
Paul Reiffel
21%
Roshan Mahanama
21%
Colin Croft
20%
Faoud Bacchus
20%
Neil Fairbrother
20%
Chamara Silva
19%
Chamara Kapugedera
18%
Collis King
18%
Deryck Murray
18%
Suraj Randiv
16%
Stuart Law
15%
Azhar Mahmood
14%
Bruce Reid
14%
Pramodya Wickramasinghe
14%
Tim May
14%
Chris Lewis
13%
Graeme Hick
13%
Wajahatullah Wasti
13%
Derek Pringle
12%
Roy Fredericks
12%
Asanka Gurusinha
11%
Mike Brearley
9%
Philip DeFreitas
9%
Gary Gilmour
8%
Gladstone Small
8%
John Emburey
8%
Alan Turner
7%
Bernard Julien
7%
Vanburn Holder
7%
Doug Walters
6%
Keith Boyce
6%
Mike Veletta
6%
Richard Illingworth
5%
Chris Old
4%
Derek Randall
4%
Max Walker
4%
Rick McCosker
4%
Tim Robinson
4%
Dermot Reeve
3%
Eddie Hemmings
3%
Neil Foster
3%
Paul Downton
3%
Ross Edwards
3%
Simon O'Donnell
3%
Wayne Larkins
3%
Bill Athey
2%
Greg Dyer
2%
Mike Hendrick
2%
Phil Edmonds
2%
No matching quizzes found
Score Distribution
Percent of People with Each Score
Percentile by Number Answered
Your Score History
You have not taken this quiz